000 00600nam a2200229Ia 4500
003 OSt
005 20221007072002.0
006 a|||||r|||| 00| 0
007 ta
008 221006b |||||||| |||| 00| 0 eng d
024 _a26,631
037 _cTextual
040 _aFLL
_cFLL
_beng
041 _2eng
_aeng
082 _aZ3y70T, L0
100 _aBarrell G.R.
_9689802
245 0 _aLegal cases for teachers
260 _aLondon
_bMethuen & Co. Ltd. London
_c1970
300 _axxiv,1-430p
_ccm.
942 _hZ3y70T, L0
_cTEXL
_2CC
999 _c1144872
_d1144872